00431nam a2200181Ia 4500003000400000005001700004008004100021020001800062040000700080041000800087082001300095100003000108245004200138250000600180260003300186300001700219365001300236OSt20230417093155.0210423s2013 xx 000 0 und d a9788131500514 cAL aeng a543 SKOD aSKOOG (Douglas A);others. aFundamentals of analytical chemistry. a8 aNew DelhibBrooks Colec2013 axix,1049bPB b695cINR